000 00634nam a2200181Ia 4500
005 20260429112248.0
008 260429s9999||||xx |||||||||||||| ||und||
020 _a9788174532886
041 _aHindi
082 _a891.433
_bPRA
100 _aप्रभा, विश्व
245 0 _aउपन्यासकार अमृतलाल नागर :
_bनारी जीवन की समस्याएँ /
_cविश्व प्रभा
250 _a1st ed.
260 _aनई दिल्ली :
_bसंजय प्रकाशन,
_c2018.
300 _axv, 320 p.; Hb
650 _aNovel
942 _cTB
999 _c53185
_d53185